[Event "Rome La Regina op 3rd"]
[Site "Rome"]
[Date "2023.07.28"]
[Round "1"]
[White "Lantini, Marco"]
[Black "Ramondino, Renzo"]
[Result "0-1"]
[WhiteElo "1947"]
[BlackElo "2156"]
[PlyCount "62"]
[EventDate "2023.07.28"]
[EventType "swiss"]
[EventRounds "5"]
[EventCountry "ITA"]
[SourceTitle "CBM 215 Extra"]
[Source "ChessBase"]
[SourceDate "2023.09.30"]
[SourceVersion "1"]
[SourceVersionDate "2023.09.30"]
[SourceQuality "1"]

1. Nf3 d6 2. b4 e5 3. Bb2 f5 4. c4 Nf6 5. g3 Be7 6. Bg2 0-0 7. 0-0 Na6 8. b5 Nc5 9. d4 exd4 10. Nxd4 Qe8 11. Nd2 Qf7 12. N4b3 Na4 13. Ba3 a6 14. Bb4 axb5 15. cxb5 Nd5 16. a3 Nxb4 17. axb4 Bf6 18. Rc1 Nc3 19. Qe1 Ra4 20. e3 Re8 21. Nb1 Nxb5 22. Na5 c6 23. Nxc6 bxc6 24. Rxc6 Ra6 25. Qd1 Kh8 26. Qd3 Nc7 27. b5 Rxc6 28. Bxc6 Rd8 29. b6 Na6 30. Qb5 Nc5 31. Na3 Ba6 0-1

[Event "ITA-chT T8 51st"]
[Site "Brixen Bressanone"]
[Date "2019.04.30"]
[Round "1.7"]
[White "Moroni, Luca Jr"]
[Black "Ramondino, Renzo"]
[Result "1-0"]
[WhiteElo "2553"]
[BlackElo "2201"]
[PlyCount "85"]
[EventDate "2019.04.30"]
[EventType "team-match"]
[EventRounds "1"]
[EventCountry "ITA"]
[SourceTitle "CBM 190 Extra"]
[Source "ChessBase"]
[SourceDate "2019.07.15"]
[SourceVersion "1"]
[SourceVersionDate "2019.07.15"]
[SourceQuality "1"]
[WhiteTeam "Cerianese Scacchistica"]
[BlackTeam "Rome Steinitz"]
[WhiteTeamCountry "ITA"]
[BlackTeamCountry "ITA"]

1. Nf3 Nf6 2. g3 g6 3. b3 Bg7 4. Bb2 0-0 5. Bg2 c5 6. c4 Nc6 7. 0-0 d6 8. d4 Bf5 9. d5 Na5 10. Nc3 a6 11. Re1 Rb8 12. Qd2 b5 13. cxb5 axb5 14. e4 Bg4 15. e5 Nd7 16. exd6 exd6 17. Ne4 Bxb2 18. Qxb2 Bxf3 19. Bxf3 Ne5 20. Be2 f5 21. Nxc5 Qf6 22. Nd3 Nac4 23. Qc2 Nxd3 24. Qxd3 Ne5 25. Qd2 f4 26. Qxf4 Qxf4 27. gxf4 Rxf4 28. a4 bxa4 29. bxa4 Ra8 30. a5 Nd7 31. Reb1 Ra7 32. a6 Nc5 33. Rb6 Rf6 34. Bb5 g5 35. Ra3 Kg7 36. Re3 Kf7 37. Be2 h6 38. Rc6 Kg6 39. Re8 Kf5 40. h3 Kf4 41. Kg2 Kf5 42. Rxc5 dxc5 43. Bd3+ 1-0

[Event "Rilton Cup 48th"]
[Site "Stockholm"]
[Date "2018.12.28"]
[Round "2"]
[White "Vignesh, B."]
[Black "Ramondino, Renzo"]
[Result "1-0"]
[WhiteElo "2311"]
[BlackElo "2212"]
[PlyCount "77"]
[EventDate "2018.12.27"]
[EventType "swiss"]
[EventRounds "9"]
[EventCountry "SWE"]
[SourceTitle "CBM 188 Extra"]
[Source "ChessBase"]
[SourceDate "2019.02.26"]
[SourceVersion "1"]
[SourceVersionDate "2019.02.26"]
[SourceQuality "1"]

1. e4 e5 2. Nf3 Nc6 3. Bc4 Nf6 4. d3 Be7 5. c3 0-0 6. Bb3 d6 7. Nbd2 Na5 8. Bc2 c5 9. Nf1 Nc6 10. Ng3 Re8 11. 0-0 h6 12. h3 Bf8 13. d4 cxd4 14. cxd4 exd4 15. Nxd4 Nxd4 16. Qxd4 g6 17. Rd1 b6 18. e5 Nh7 19. exd6 Bb7 20. d7 Re6 21. Bf4 Bc5 22. Qd2 g5 23. Bc7 Qxc7 24. d8Q+ Rxd8 25. Qxd8+ Qxd8 26. Rxd8+ Nf8 27. Rad1 h5 28. Nxh5 Re2 29. R8d2 Bxf2+ 30. Kh1 Rxd2 31. Rxd2 Be3 32. Rd8 Bc6 33. Rc8 Bb5 34. a4 Ba6 35. Ra8 b5 36. Bd3 Bd4 37. axb5 Bb7 38. Rb8 Bd5 39. Rd8 1-0

[Event "EU-Cup 34th"]
[Site "Porto Carras"]
[Date "2018.10.13"]
[Round "2.3"]
[White "Papadiamandis, Elliot"]
[Black "Ramondino, Renzo"]
[Result "1/2-1/2"]
[WhiteElo "2149"]
[BlackElo "2193"]
[PlyCount "59"]
[EventDate "2018.10.12"]
[EventType "team-swiss"]
[EventRounds "7"]
[EventCountry "GRE"]
[SourceTitle "CBM 187"]
[Source "ChessBase"]
[SourceDate "2018.12.11"]
[SourceVersion "1"]
[SourceVersionDate "2018.12.11"]
[SourceQuality "1"]
[WhiteTeam "Bois Colombes"]
[BlackTeam "Lazio Scacchi"]
[WhiteTeamCountry "FRA"]
[BlackTeamCountry "ITA"]

1. e4 c5 2. Nf3 d6 3. d4 cxd4 4. Nxd4 Nf6 5. Nc3 g6 6. Be3 Bg7 7. f3 0-0 8. Qd2 Nc6 9. 0-0-0 d5 10. exd5 Nxd5 11. Nxc6 bxc6 12. Bd4 Bxd4 13. Qxd4 Qb6 14. Na4 Qa5 15. b3 Be6 16. Qd2 Qc7 17. Nc5 Qe5 18. Qd4 Qg5+ 19. Qd2 Qe5 20. Qd4 Qg5+ 21. Qd2 Qe5 22. Qd4 Qg5+ 23. Qd2 Qe5 24. Qd4 Qg5+ 25. Qd2 Qe5 26. Qd4 Qg5+ 27. Qd2 Qe5 28. Qd4 Qg5+ 29. Qd2 Qe5 30. Qd4 1/2-1/2

[Event "EU-Cup 34th"]
[Site "Porto Carras"]
[Date "2018.10.12"]
[Round "1.3"]
[White "Koch, Thomas"]
[Black "Ramondino, Renzo"]
[Result "1/2-1/2"]
[WhiteElo "2467"]
[BlackElo "2193"]
[PlyCount "94"]
[EventDate "2018.10.12"]
[EventType "team-swiss"]
[EventRounds "7"]
[EventCountry "GRE"]
[SourceTitle "CBM 187"]
[Source "ChessBase"]
[SourceDate "2018.12.11"]
[SourceVersion "1"]
[SourceVersionDate "2018.12.11"]
[SourceQuality "1"]
[WhiteTeam "Eynatten"]
[BlackTeam "Lazio Scacchi"]
[WhiteTeamCountry "BEL"]
[BlackTeamCountry "ITA"]

1. d4 Nf6 2. c4 g6 3. Nc3 Bg7 4. e4 d6 5. Nf3 0-0 6. Be2 e5 7. 0-0 Nc6 8. Be3 Ng4 9. Bg5 f6 10. Bh4 Nh6 11. d5 Ne7 12. Ne1 g5 13. Bg3 f5 14. f3 Ng6 15. Rc1 Nf4 16. Bf2 g4 17. c5 Qg5 18. Kh1 g3 19. Bxg3 Nxe2 20. Nxe2 fxe4 21. Nc3 Nf5 22. Nxe4 Nxg3+ 23. Nxg3 Qh4 24. Qe2 Bh6 25. Rc4 Bf4 26. Nd3 b5 27. cxb6 Ba6 28. Re4 axb6 29. Rd1 c6 30. dxc6 d5 31. Rxf4 exf4 32. Qe6+ Kh8 33. Qe5+ Qf6 34. Qxf6+ Rxf6 35. Nh5 Rxc6 36. Nhxf4 Bxd3 37. Nxd3 Rc2 38. a3 Re8 39. h3 Ree2 40. Nf4 Red2 41. Re1 Rxb2 42. Re7 Kg8 43. Rd7 Rbc2 44. Nxd5 Kf8 45. Nf6 Rxg2 46. Nxh7+ Ke8 47. Nf6+ Kf8 1/2-1/2

[Event "Rilton Cup 47th"]
[Site "Stockholm"]
[Date "2017.12.30"]
[Round "4"]
[White "Ramondino, Renzo"]
[Black "Bellon Lopez, Juan Manuel"]
[Result "0-1"]
[WhiteElo "2192"]
[BlackElo "2331"]
[PlyCount "76"]
[EventDate "2017.12.27"]
[EventType "swiss"]
[EventRounds "9"]
[EventCountry "SWE"]
[SourceTitle "CBM 182 Extra"]
[Source "ChessBase"]
[SourceDate "2018.02.23"]
[SourceVersion "1"]
[SourceVersionDate "2018.02.23"]
[SourceQuality "1"]

1. e4 c5 2. Nf3 e6 3. d4 cxd4 4. Nxd4 Nc6 5. Nb5 d6 6. c4 a6 7. N5c3 Nf6 8. Be2 Be7 9. 0-0 0-0 10. f3 Qc7 11. Be3 b6 12. Nd2 Bb7 13. Qb3 Nd7 14. Rfc1 Bd8 15. a3 Rc8 16. Kh1 Qb8 17. Qd1 Bc7 18. Qg1 Nce5 19. b4 Kh8 20. Rab1 Qa8 21. Na4 Rb8 22. Qd1 Rbe8 23. Nb3 f5 24. exf5 Rxf5 25. Nd4 Rf7 26. c5 dxc5 27. bxc5 b5 28. Nb2 Nf6 29. a4 Nd5 30. Qb3 b4 31. Nc4 Nxc4 32. Rxc4 e5 33. Rxb4 exd4 34. Rxb7 Qd8 35. Bxd4 Rxe2 36. Rxc7 Rxc7 37. Qxd5 Qxd5 38. Rb8+ Qg8 0-1

[Event "Rilton Cup 47th"]
[Site "Stockholm"]
[Date "2017.12.28"]
[Round "2"]
[White "Ramondino, Renzo"]
[Black "Furhoff, Johan"]
[Result "0-1"]
[WhiteElo "2192"]
[BlackElo "2315"]
[PlyCount "72"]
[EventDate "2017.12.27"]
[EventType "swiss"]
[EventRounds "9"]
[EventCountry "SWE"]
[SourceTitle "CBM 182 Extra"]
[Source "ChessBase"]
[SourceDate "2018.02.23"]
[SourceVersion "1"]
[SourceVersionDate "2018.02.23"]
[SourceQuality "1"]

1. e4 e5 2. Nf3 Nc6 3. d4 exd4 4. Nxd4 Bc5 5. Nxc6 Qf6 6. Qf3 Qxf3 7. gxf3 bxc6 8. Nd2 d5 9. Nb3 Bd6 10. c4 Nf6 11. Bg5 dxe4 12. Bxf6 gxf6 13. fxe4 Bg4 14. Nd2 Bf4 15. Be2 Bxe2 16. Kxe2 0-0-0 17. Nf1 Rhe8 18. Kf3 Be5 19. Rb1 Rd3+ 20. Ne3 Rd2 21. Rhd1 Red8 22. Rxd2 Rxd2 23. a4 Rxb2 24. Rxb2 Bxb2 25. Kg4 Kd7 26. Ng2 Bd4 27. f3 Kd6 28. h4 Kc5 29. Kh5 Kxc4 30. Kh6 c5 31. Kxh7 Kd3 32. Kg8 c4 33. h5 c3 34. h6 f5 35. exf5 Kd2 36. h7 c2 0-1

[Event "Barcelona Sants op 19th"]
[Site "Barcelona"]
[Date "2017.08.19"]
[Round "2"]
[White "Quirhuayo Chumbe, German Gonzalo"]
[Black "Ramondino, Renzo"]
[Result "1-0"]
[WhiteElo "2397"]
[BlackElo "2179"]
[PlyCount "101"]
[EventDate "2017.08.18"]
[EventType "swiss"]
[EventRounds "10"]
[EventCountry "ESP"]
[SourceTitle "CBM 180 Extra"]
[Source "ChessBase"]
[SourceDate "2017.10.06"]
[SourceVersion "1"]
[SourceVersionDate "2017.10.06"]
[SourceQuality "1"]

1. e4 c5 2. Nf3 Nc6 3. d4 cxd4 4. Nxd4 g6 5. Nc3 Bg7 6. Be3 Nf6 7. Bc4 0-0 8. Bb3 Re8 9. f3 e6 10. 0-0 d5 11. Ba4 Bd7 12. Bxc6 Bxc6 13. e5 Nd7 14. f4 f6 15. exf6 Nxf6 16. Qf3 a6 17. Rae1 Qd6 18. Qd1 Rac8 19. Nb3 Bd7 20. Bd4 b5 21. a3 b4 22. axb4 Qxb4 23. Kh1 a5 24. Be5 a4 25. Nc1 Qa5 26. Nd3 Rc4 27. Qa1 Ra8 28. Qd1 Rac8 29. Re2 Qa8 30. Nb1 Rd8 31. Nd2 Rcc8 32. Rfe1 Bb5 33. Nf3 Ne4 34. Bxg7 Kxg7 35. Ng5 Qa6 36. Nxe4 dxe4 37. Rxe4 Bxd3 38. cxd3 Qxd3 39. Qxa4 Qd5 40. h3 Rc6 41. Re5 Qd7 42. Qe4 Kf7 43. b4 Rb8 44. b5 Rcb6 45. Qc4 Qc8 46. Rc5 Qe8 47. f5 gxf5 48. Rxf5+ Kg8 49. Rg5+ Kf8 50. Rf1+ Ke7 51. Qc7+ 1-0

[Event "EU-Cup 31st"]
[Site "Skopje"]
[Date "2015.10.23"]
[Round "6.5"]
[White "Ahvenjarvi, Jani"]
[Black "Ramondino, Renzo"]
[Result "1-0"]
[WhiteElo "2289"]
[BlackElo "2160"]
[PlyCount "67"]
[EventDate "2015.10.18"]
[EventType "team-swiss"]
[EventRounds "7"]
[EventCountry "MKD"]
[SourceTitle "CBM 169"]
[Source "ChessBase"]
[SourceDate "2015.11.10"]
[SourceVersion "1"]
[SourceVersionDate "2015.11.10"]
[SourceQuality "1"]
[WhiteTeam "Tammer Shakki"]
[BlackTeam "Palermitano Circolo"]
[WhiteTeamCountry "FIN"]
[BlackTeamCountry "ITA"]

1. e4 e6 2. d4 d5 3. Nd2 Nf6 4. e5 Nfd7 5. Bd3 c5 6. c3 Nc6 7. Ne2 cxd4 8. cxd4 f6 9. exf6 Nxf6 10. Nf3 Bd6 11. 0-0 Qc7 12. Bg5 0-0 13. Rc1 Ng4 14. Ng3 g6 15. Bb1 Qg7 16. h3 Nxf2 17. Kxf2 e5 18. Kg1 e4 19. Nxe4 dxe4 20. Bxe4 Bf4 21. Bxf4 Rxf4 22. Qb3+ Kh8 23. Bxc6 bxc6 24. Ne5 Rxf1+ 25. Rxf1 Bf5 26. Nxc6 Qd7 27. Qc3 Re8 28. d5+ Kg8 29. Re1 Rxe1+ 30. Qxe1 Qd6 31. Qe5 Qc5+ 32. Kh2 Qf2 33. Qb8+ Kg7 34. Qxa7+ 1-0

[Event "Prague Summer op 2nd"]
[Site "Prague"]
[Date "2015.08.14"]
[Round "9"]
[White "Ramondino, Renzo"]
[Black "Postupa, Pavel1111"]
[Result "0-1"]
[WhiteElo "2168"]
[BlackElo "2226"]
[PlyCount "50"]
[EventDate "2015.08.07"]
[EventType "swiss"]
[EventRounds "9"]
[EventCountry "CZE"]
[SourceTitle "CBM 167 Extra"]
[Source "ChessBase"]
[SourceDate "2015.09.14"]
[SourceVersion "1"]
[SourceVersionDate "2015.09.14"]
[SourceQuality "1"]

1. d4 Nf6 2. Bg5 d5 3. e3 h6 4. Bxf6 gxf6 5. Bd3 c5 6. c3 e5 7. dxc5 Bxc5 8. Ne2 Be6 9. Nd2 Nc6 10. 0-0 Qd7 11. Ng3 0-0-0 12. b4 Be7 13. Qa4 h5 14. b5 Nb8 15. Rfc1 h4 16. Ngf1 Rdg8 17. c4 d4 18. e4 Bh3 19. g3 Bc5 20. Nb3 Qg4 21. Nfd2 Nd7 22. Nxc5 Nxc5 23. Qxa7 Nxd3 24. f3 Qxg3+ 25. hxg3 Rxg3+ 0-1

[Event "Prague Summer op 2nd"]
[Site "Prague"]
[Date "2015.08.08"]
[Round "2"]
[White "Duivenvoorden, Ben"]
[Black "Ramondino, Renzo"]
[Result "0-1"]
[WhiteElo "1749"]
[BlackElo "2168"]
[PlyCount "54"]
[EventDate "2015.08.07"]
[EventType "swiss"]
[EventRounds "9"]
[EventCountry "CZE"]
[SourceTitle "CBM 167 Extra"]
[Source "ChessBase"]
[SourceDate "2015.09.14"]
[SourceVersion "1"]
[SourceVersionDate "2015.09.14"]
[SourceQuality "1"]

1. e4 e6 2. Nf3 c5 3. c3 Nf6 4. d3 b6 5. Be2 Bb7 6. Nbd2 d6 7. h3 Nbd7 8. 0-0 Be7 9. Re1 0-0 10. Nf1 Qc7 11. N3h2 d5 12. f3 Nh5 13. exd5 exd5 14. d4 Bh4 15. Be3 Bxe1 16. Qxe1 Rfe8 17. Qd2 Ng3 18. Bd3 Nxf1 19. Rxf1 cxd4 20. Bxd4 Nc5 21. Bf5 Ne6 22. Ng4 Qf4 23. Qxf4 Nxf4 24. Kh2 Re2 25. Rf2 Rae8 26. a4 h5 27. Ne5 Rxf2 0-1

[Event "Krakow op-A 25th"]
[Site "Krakow"]
[Date "2015.01.04"]
[Round "9"]
[White "Ramondino, Renzo"]
[Black "Hristodoulaki, Antonia"]
[Result "0-1"]
[WhiteElo "2255"]
[BlackElo "1981"]
[PlyCount "82"]
[EventDate "2014.12.27"]
[EventType "swiss"]
[EventRounds "9"]
[EventCountry "POL"]
[SourceTitle "CBM 164 Extra"]
[Source "ChessBase"]
[SourceDate "2015.03.02"]
[SourceVersion "1"]
[SourceVersionDate "2015.03.02"]
[SourceQuality "1"]

1. d4 d5 2. c4 e6 3. Nc3 Be7 4. cxd5 exd5 5. Bf4 Nf6 6. e3 c6 7. Bd3 0-0 8. Qc2 h6 9. h3 Bd6 10. Bxd6 Qxd6 11. Nf3 Nbd7 12. 0-0 Re8 13. Rfe1 Nf8 14. Rab1 Ne6 15. b4 Ng5 16. Ne5 Nd7 17. f4 Ne6 18. Ne2 Nef8 19. Ng3 Nxe5 20. dxe5 Qc7 21. Qf2 Rd8 22. Ne2 b6 23. Nd4 a6 24. Rec1 c5 25. bxc5 bxc5 26. e4 Bb7 27. Nf5 dxe4 28. Rxc5 Qd7 29. Nd6 exd3 30. Rxb7 Qxb7 31. Nxb7 d2 32. Nxd8 d1Q+ 33. Kh2 Rxd8 34. f5 Nh7 35. Qg3 Ng5 36. f6 g6 37. Rc7 Rd2 38. Qa3 Nf3+ 39. Kg3 Qe1+ 40. Kg4 Nh2+ 41. Kf4 Rd4# 0-1

[Event "Rilton Cup 43rd"]
[Site "Stockholm"]
[Date "2014.01.04"]
[Round "8"]
[White "Bellon Lopez, Juan Manuel"]
[Black "Ramondino, Renzo"]
[Result "1-0"]
[WhiteElo "2382"]
[BlackElo "2242"]
[PlyCount "115"]
[EventDate "2013.12.27"]
[EventType "swiss"]
[EventRounds "9"]
[EventCountry "SWE"]
[SourceTitle "CBM 158 Extra"]
[Source "ChessBase"]
[SourceDate "2014.02.28"]
[SourceVersion "1"]
[SourceVersionDate "2014.02.28"]
[SourceQuality "1"]

1. d4 d6 2. e4 g6 3. Nc3 Bg7 4. Be3 Nf6 5. f3 a6 6. Qd2 b5 7. 0-0-0 0-0 8. Bh6 b4 9. Nce2 a5 10. h4 Nc6 11. h5 e5 12. Bxg7 Kxg7 13. hxg6 fxg6 14. Qh6+ Kg8 15. d5 Ne7 16. g4 Rf7 17. Nh3 Qf8 18. Qh4 Qg7 19. Ng5 Rf8 20. Ng3 h6 21. Qxh6 Qxh6 22. Rxh6 Kg7 23. Rh2 Rh8 24. Rxh8 Kxh8 25. Bb5 Kg7 26. Rh1 Rb8 27. Ba4 Rb6 28. Nf1 c6 29. dxc6 Nxc6 30. c3 bxc3 31. bxc3 Nd8 32. Bb3 a4 33. Bc4 Rc6 34. Ne3 Nb7 35. Kd2 Rb6 36. Kc2 Nc5 37. Rb1 Rxb1 38. Kxb1 Bd7 39. Kb2 Ne8 40. Nd5 Kh6 41. Nf7+ Kg7 42. Nd8 Nf6 43. Nb6 Kf8 44. Nxd7+ Nfxd7 45. Ne6+ Nxe6 46. Bxe6 Nc5 47. Bc4 g5 48. Ka3 Ke7 49. Bb5 Kd8 50. Bxa4 Kc7 51. Bb5 Kb6 52. Kb4 Nb7 53. a4 Na5 54. Bd7 Nb7 55. Be6 Nc5 56. a5+ Ka7 57. Bc4 Kb7 58. Kb5 1-0

[Event "Rilton Cup 43rd"]
[Site "Stockholm"]
[Date "2014.01.02"]
[Round "6"]
[White "Bejtovic, Jasmin"]
[Black "Ramondino, Renzo"]
[Result "1-0"]
[WhiteElo "2402"]
[BlackElo "2242"]
[PlyCount "63"]
[EventDate "2013.12.27"]
[EventType "swiss"]
[EventRounds "9"]
[EventCountry "SWE"]
[SourceTitle "CBM 158 Extra"]
[Source "ChessBase"]
[SourceDate "2014.02.28"]
[SourceVersion "1"]
[SourceVersionDate "2014.02.28"]
[SourceQuality "1"]

1. c4 Nf6 2. g3 g6 3. Nc3 Bg7 4. Bg2 0-0 5. e4 d6 6. Nge2 c5 7. 0-0 Nc6 8. d3 a6 9. h3 Rb8 10. a4 Ne8 11. Be3 Nc7 12. d4 cxd4 13. Nxd4 Ne6 14. Nde2 Nc5 15. b3 Bd7 16. Rb1 Nb4 17. Qd2 b5 18. Rfd1 Qc8 19. axb5 axb5 20. cxb5 Bxb5 21. Nxb5 Rxb5 22. Nd4 Rb8 23. Bh6 Bxh6 24. Qxh6 e5 25. Nf3 Nxe4 26. Rbc1 Qe6 27. Re1 Nf6 28. Ng5 Qxb3 29. Rb1 Qa2 30. Ra1 Qb2 31. Ra7 Qd4 32. Ne6 1-0